<?xml version="1.0" encoding="UTF-8"?>
<collection xmlns="http://www.loc.gov/MARC21/slim">
 <record>
  <leader>01171pam a22002778a 4500</leader>
  <controlfield tag="001">00025794</controlfield>
  <controlfield tag="005">20171026081023.0</controlfield>
  <controlfield tag="008">110811s2010                  ||||||viesd</controlfield>
  <datafield tag="020" ind1=" " ind2=" ">
   <subfield code="c">60000</subfield>
  </datafield>
  <datafield tag="041" ind1="0" ind2="#">
   <subfield code="a">vie</subfield>
  </datafield>
  <datafield tag="082" ind1="1" ind2="4">
   <subfield code="a">959.702 409 2</subfield>
   <subfield code="b">TR121NH</subfield>
  </datafield>
  <datafield tag="100" ind1="0" ind2="#">
   <subfield code="a">Lê Cung</subfield>
   <subfield code="e">chủ biên</subfield>
  </datafield>
  <datafield tag="245" ind1="0" ind2="0">
   <subfield code="a">Trần Nhân Tông cuộc đời và sự nghiệp</subfield>
   <subfield code="c">Lê Cung c.b; Trần Thuận, Hoàng Chí Hiếu</subfield>
  </datafield>
  <datafield tag="250" ind1="#" ind2="#">
   <subfield code="a">Tái bản lần 1</subfield>
   <subfield code="b">có sửa chữa và bổ sung</subfield>
  </datafield>
  <datafield tag="260" ind1="#" ind2="#">
   <subfield code="a">Huế</subfield>
   <subfield code="b">Thuận Hóa</subfield>
   <subfield code="c">2010</subfield>
  </datafield>
  <datafield tag="300" ind1="#" ind2="#">
   <subfield code="a">267 tr.</subfield>
   <subfield code="c">21 cm.</subfield>
  </datafield>
  <datafield tag="650" ind1="#" ind2="4">
   <subfield code="a">Trần Nhân Tông</subfield>
  </datafield>
  <datafield tag="653" ind1="#" ind2="#">
   <subfield code="a">cuộc đời</subfield>
  </datafield>
  <datafield tag="653" ind1="#" ind2="#">
   <subfield code="a">sự nghiệp</subfield>
  </datafield>
  <datafield tag="700" ind1="0" ind2="#">
   <subfield code="a">Hoàng Chí Hiếu</subfield>
  </datafield>
  <datafield tag="700" ind1="0" ind2="#">
   <subfield code="a">Trần Thuận</subfield>
  </datafield>
  <datafield tag="852" ind1="#" ind2="#">
   <subfield code="b">Kho mượn</subfield>
   <subfield code="j">KM.0009798, KM.0004616, KM.0009799, KM.0009800, KM.0003630, KM.0006169, KM.0004590, KM.0004579, KM.0009804</subfield>
  </datafield>
  <datafield tag="852" ind1="#" ind2="#">
   <subfield code="b">Kho đọc</subfield>
   <subfield code="j">KD.0010537</subfield>
  </datafield>
  <datafield tag="852" ind1="#" ind2="#">
   <subfield code="j">KD.0010537</subfield>
   <subfield code="j">KM.0009798</subfield>
   <subfield code="j">KM.0009799</subfield>
   <subfield code="j">KM.0003630</subfield>
   <subfield code="j">KM.0004590</subfield>
   <subfield code="j">KM.0009804</subfield>
   <subfield code="j">KM.0006169</subfield>
   <subfield code="j">KM.0009800</subfield>
   <subfield code="j">KM.0004579</subfield>
   <subfield code="j">KM.0004616</subfield>
  </datafield>
  <datafield tag="910" ind1=" " ind2=" ">
   <subfield code="d">11/08/2011</subfield>
  </datafield>
  <datafield tag="980" ind1="#" ind2="#">
   <subfield code="a">Trung tâm Học liệu Lê Vũ Hùng, Trường Đại học Đồng Tháp</subfield>
  </datafield>
 </record>
</collection>
